[Event "Festival A"]
[Site "Formia ITA"]
[Date "1994.07.19"]
[Round "4"]
[White "Gagliardi, Pietro"]
[Black "Tribuiani, Renato"]
[Result "0-1"]
[WhiteElo "2195"]
[BlackElo "1996"]
[PlyCount "108"]
[EventDate "1994.07.16"]

1. e4 Nc6 2. d4 d5 3. e5 Bf5 4. c3 e6 5. Nf3 Qd7 6. Nbd2 f6 7. exf6 Nxf6 8. Bb5
Bd6 9. O-O O-O 10. Re1 a6 11. Ba4 b5 12. Bb3 Bg4 13. h3 Bh5 14. Qe2 Rae8 15.
Qd3 Bg6 16. Qf1 Nh5 17. g3 Rf6 18. Ne5 Bxe5 19. dxe5 Rf7 20. Qg2 Ref8 21. f4
Qe7 22. Nf3 Be4 23. Rxe4 dxe4 24. Ng5 Qc5+ 25. Kh2 Nxe5 26. Nxe4 Qb6 27. Qf2
Qxf2+ 28. Nxf2 Nc4 29. a4 e5 30. Nd3 exf4 31. Nxf4 Nxf4 32. Bxf4 Re7 33. axb5
axb5 34. Ra7 Re2+ 35. Kg1 Rxb2 36. Bxc4+ bxc4 37. Ra1 c6 38. Rd1 Ra8 39. Be5
Rba2 40. Kf1 Ra1 41. Rxa1 Rxa1+ 42. Ke2 Kf7 43. Ke3 Rd1 44. h4 h5 45. Ke4 g6
46. Kf4 Ke6 47. Bh8 Rd5 48. Bg7 Kd6 49. Bh8 Kc5 50. g4 Kb5 51. g5 Ka4 52. Ke4
Kb3 53. Bd4 Kc2 54. Ke3 c5 0-1

[Event "Festival A"]
[Site "Formia ITA"]
[Date "1994.07.19"]
[Round "4"]
[White "Giorgadze, Giorgi"]
[Black "Serebrjanik, Alexander"]
[Result "1/2-1/2"]
[WhiteElo "2565"]
[BlackElo "2420"]
[PlyCount "80"]
[EventDate "1994.07.16"]

1. Nf3 Nf6 2. b3 b6 3. Bb2 Bb7 4. g3 e6 5. Bg2 Be7 6. O-O O-O 7. d4 c5 8. e3 d6
9. c4 cxd4 10. exd4 Nbd7 11. Nc3 a6 12. Re1 Re8 13. a4 Qc7 14. d5 e5 15. Nd2 g6
16. f4 exf4 17. gxf4 Bf8 18. Qf3 Bg7 19. Kh1 Rxe1+ 20. Rxe1 Re8 21. Nce4 Qd8
22. Re2 Nxe4 23. Nxe4 Bxb2 24. Nxd6 Rxe2 25. Qxe2 Nc5 26. Nxb7 Qf6 27. Nxc5
bxc5 28. f5 Be5 29. fxg6 hxg6 30. Qf3 Qh4 31. h3 Qe1+ 32. Bf1 Kg7 33. Kg2 a5
34. Qf2 Qc3 35. Qf3 Qd2+ 36. Be2 f5 37. Kf1 Qc1+ 38. Bd1 Qd2 39. Be2 Kf6 40.
Bd1 Bd6 1/2-1/2

[Event "Festival A"]
[Site "Formia ITA"]
[Date "1994.07.19"]
[Round "4"]
[White "Kharkova, Elena"]
[Black "Vignato, Giovanni"]
[Result "1-0"]
[WhiteElo "2205"]
[BlackElo "1960"]
[PlyCount "79"]
[EventDate "1994.07.16"]

1. d4 d5 2. c4 e6 3. Nf3 c6 4. e3 f5 5. Bd3 Nf6 6. Ne5 Bd6 7. b3 O-O 8. Bb2 Qe7
9. Qc2 Nbd7 10. f3 g6 11. Nd2 Nh5 12. O-O-O Qg7 13. g4 Nhf6 14. gxf5 exf5 15.
Bxf5 Qe7 16. Nxd7 Bxd7 17. Bxd7 Nxd7 18. Qd3 Bb4 19. e4 Bxd2+ 20. Rxd2 Rf4 21.
exd5 cxd5 22. Kb1 Raf8 23. Rf2 Qf7 24. Rhf1 Nf6 25. Bc1 Rf5 26. Bh6 Rc8 27. Rg2
Kh8 28. c5 Ne4 29. Rgg1 Nf6 30. Rg5 Rxg5 31. Bxg5 Rf8 32. Re1 Ng8 33. Re5 h6
34. Bh4 Kh7 35. Qe3 Qd7 36. Bg3 Rf5 37. Re8 Rf7 38. Qe6 Qxe6 39. Rxe6 Rxf3 40.
Rd6 $139 1-0

[Event "Festival A"]
[Site "Formia ITA"]
[Date "1994.07.19"]
[Round "4"]
[White "Konopka, Michal"]
[Black "Loeffler, Stefan"]
[Result "1/2-1/2"]
[WhiteElo "2455"]
[BlackElo "2420"]
[PlyCount "37"]
[EventDate "1994.07.16"]

1. Nf3 d5 2. d4 e6 3. g3 c5 4. c4 dxc4 5. Bg2 Nc6 6. Na3 cxd4 7. Nxc4 e5 8. O-O
f6 9. e3 Be6 10. b3 Bc5 11. exd4 Nxd4 12. Nxd4 Bxd4 13. Rb1 Ne7 14. Ba3 O-O 15.
Bxb7 Re8 16. Nd6 Rb8 17. Be4 f5 18. Bg2 Rf8 19. Nb7 1/2-1/2

[Event "Festival A"]
[Site "Formia ITA"]
[Date "1994.07.19"]
[Round "4"]
[White "Kovacevic, Slobodan"]
[Black "Foisor, Ovidiu-Doru"]
[Result "1/2-1/2"]
[WhiteElo "2380"]
[BlackElo "2440"]
[PlyCount "58"]
[EventDate "1994.07.16"]

1. d4 Nf6 2. Nf3 g6 3. c3 Bg7 4. Bg5 d6 5. Nbd2 O-O 6. e4 c5 7. dxc5 dxc5 8.
Qc2 Nc6 9. a4 Na5 10. Nc4 Be6 11. Nfd2 Nxc4 12. Bxc4 Qc8 13. O-O Rd8 14. Qb3
Bxc4 15. Qxc4 h6 16. Be3 Ng4 17. Qe2 Qe6 18. Rfd1 Nxe3 19. Qxe3 Rd6 20. Nf1 Qb3
21. Rxd6 exd6 22. Qd2 Re8 23. f3 h5 24. Kh1 a6 25. a5 Qb5 26. Kg1 Re6 27. Qc2
Bh6 28. Kf2 c4 29. Kg1 d5 1/2-1/2

[Event "Festival A"]
[Site "Formia ITA"]
[Date "1994.07.19"]
[Round "4"]
[White "Langeweg, Kick"]
[Black "Belotti, Bruno"]
[Result "1-0"]
[WhiteElo "2390"]
[BlackElo "2455"]
[PlyCount "83"]
[EventDate "1994.07.16"]

1. d4 Nf6 2. Nf3 g6 3. c3 Bg7 4. Bg5 b6 5. e3 O-O 6. Nbd2 Bb7 7. Be2 d6 8. O-O
Nbd7 9. a4 a5 10. Bb5 h6 11. Bh4 e6 12. Re1 g5 13. Bg3 Nh5 14. Ne5 dxe5 15.
Qxh5 e4 16. h4 Nf6 17. Qd1 Ne8 18. hxg5 hxg5 19. Bc4 Qf6 20. Qh5 Qf5 21. f4 Bf6
22. fxg5 Qxg5 23. Qxg5+ Bxg5 24. Bb3 Rc8 25. Bf4 Be7 26. Kf2 Ng7 27. Rh1 Bd5
28. Bxd5 exd5 29. Rh3 f6 30. Rah1 Kf7 31. Rh7 Rg8 32. Nf1 Ke6 33. g4 Ne8 34.
R1h4 Nd6 35. Ng3 Rg6 36. Nf5 Bf8 37. Rh8 Nxf5 38. gxf5+ Kxf5 39. Bh6 Bxh6 40.
Rxc8 Bg5 41. Rh7 Kg4 42. Rcxc7 1-0

[Event "Festival A"]
[Site "Formia ITA"]
[Date "1994.07.19"]
[Round "4"]
[White "Lanzani, Mario"]
[Black "Borgo, Giulio"]
[Result "1/2-1/2"]
[WhiteElo "2320"]
[BlackElo "2320"]
[PlyCount "21"]
[EventDate "1994.07.16"]

1. Nf3 c5 2. c4 Nf6 3. e3 d5 4. cxd5 Nxd5 5. Qc2 e6 6. a3 Be7 7. Bd3 h6 8. Nc3
O-O 9. O-O Nc6 10. b3 Nxc3 11. dxc3 1/2-1/2

[Event "Festival A"]
[Site "Formia ITA"]
[Date "1994.07.19"]
[Round "4"]
[White "Leoncini, Mario"]
[Black "Imbrogno, Rinaldo"]
[Result "1-0"]
[WhiteElo "2195"]
[BlackElo "1902"]
[PlyCount "45"]
[EventDate "1994.07.16"]

1. e4 d6 2. d4 Nf6 3. Nc3 c6 4. f4 Qa5 5. Bd3 e5 6. Nf3 Bg4 7. dxe5 dxe5 8. O-O
exf4 9. h3 Bc5+ 10. Kh1 Bxf3 11. Qxf3 Bd6 12. Bxf4 Bxf4 13. Qxf4 Nbd7 14. e5
Nxe5 15. Rae1 Nfd7 16. b4 Qc7 17. Qxf7+ Kd8 18. Qxg7 Re8 19. Bxh7 Qd6 20. Bf5
Re7 21. Qg8+ Re8 22. Qg3 Kc7 23. Rd1 1-0

[Event "Festival A"]
[Site "Formia ITA"]
[Date "1994.07.19"]
[Round "4"]
[White "Liguori, Renato"]
[Black "Canelli, Daniele"]
[Result "1-0"]
[WhiteElo "1888"]
[BlackElo "1938"]
[PlyCount "87"]
[EventDate "1994.07.16"]

1. Nf3 Nf6 2. g3 d6 3. Bg2 c5 4. O-O Nc6 5. Nc3 g6 6. e4 Bg7 7. Re1 Bg4 8. h3
Bxf3 9. Bxf3 e5 10. d3 O-O 11. Ne2 Nd7 12. c3 b5 13. Be3 a5 14. Qd2 b4 15. Rad1
Nb6 16. Bg2 Rc8 17. Bf1 Qe7 18. Kg2 Qe6 19. Nc1 Ne7 20. f3 f5 21. Bf2 Qf6 22.
d4 fxe4 23. fxe4 exd4 24. cxd4 c4 25. Qe3 Qf7 26. Bg1 c3 27. bxc3 Rxc3 28. Bd3
Nc6 29. Rf1 Qe7 30. Rxf8+ Qxf8 31. Ne2 Ra3 32. Qc1 Qe8 33. Qc2 Nb8 34. e5 dxe5
35. dxe5 Na4 36. Bc4+ Kh8 37. Bb5 Qf8 38. Rf1 Qd8 39. Bxa4 Bxe5 40. Bb3 Nd7 41.
Qe4 Qe7 42. Rf7 Qe8 43. Rxd7 a4 44. Rd8 1-0

[Event "Festival A"]
[Site "Formia ITA"]
[Date "1994.07.19"]
[Round "4"]
[White "Malaniuk, Vladimir P."]
[Black "Djuric, Stefan"]
[Result "1/2-1/2"]
[WhiteElo "2610"]
[BlackElo "2485"]
[PlyCount "133"]
[EventDate "1994.07.16"]

1. d4 e6 2. c4 Bb4+ 3. Nd2 d5 4. e3 Nf6 5. Ngf3 O-O 6. a3 Be7 7. Bd3 b6 8. cxd5
exd5 9. O-O Bb7 10. b3 Bd6 11. Bb2 Qe7 12. Re1 Nbd7 13. Nf1 Ne4 14. Ng3 f5 15.
Nd2 Qh4 16. Ndf1 Rae8 17. Qh5 Qd8 18. f4 g6 19. Qd1 Nxg3 20. Nxg3 Re6 21. Nf1
Qe7 22. Qd2 a5 23. Qc1 Nf6 24. Bc3 Re8 25. b4 axb4 26. axb4 Ng4 27. Ra7 Bc6 28.
b5 Bd7 29. Bd2 Qh4 30. g3 Qe7 31. Qb2 Rd8 32. Rb1 Be8 33. Qb3 Bf7 34. Be2 Re8
35. Bxg4 fxg4 36. Bb4 Bxb4 37. Qxb4 Rxe3 38. Qxe7 R3xe7 39. Rc1 Rc8 40. Kf2 h5
41. Ne3 Rce8 42. Ra3 Rd7 43. Rac3 Re4 44. Rxc7 Rxc7 45. Rxc7 Rxd4 46. f5 Rd2+
47. Ke1 Rxh2 48. fxg6 Bxg6 49. Nxd5 Bd3 50. Nf4 Bxb5 51. Rb7 Rh1+ 52. Kd2 h4
53. gxh4 Rxh4 54. Rxb6 Bd7 55. Ke3 Rh7 56. Kf2 Kf7 57. Kg3 Rh1 58. Rb7 Rd1 59.
Rb3 Bf5 60. Rb7+ Kf6 61. Rb6+ Ke7 62. Ra6 Rg1+ 63. Kf2 Rh1 64. Nd5+ Kd7 65. Rf6
Be6 66. Nf4 Bc4 67. Rg6 1/2-1/2

[Event "Festival A"]
[Site "Formia ITA"]
[Date "1994.07.19"]
[Round "4"]
[White "Marinelli, Tullio"]
[Black "Ragozin, Evgeni"]
[Result "0-1"]
[WhiteElo "2375"]
[BlackElo "2510"]
[PlyCount "62"]
[EventDate "1994.07.16"]

1. d4 Nf6 2. c4 g6 3. Nc3 Bg7 4. e4 d6 5. f3 O-O 6. Be3 e5 7. d5 c6 8. Nge2 a6
9. Qd2 cxd5 10. cxd5 Nbd7 11. O-O-O b5 12. Kb1 Nb6 13. Nc1 b4 14. Bxb6 Qxb6 15.
Na4 Qa5 16. b3 Bd7 17. Nb2 Qb6 18. Nc4 Qb8 19. a4 bxa3 20. Na5 Rc8 21. Ka2 Qc7
22. Bc4 Bh6 23. Qxh6 Qxa5 24. Qd2 Qb6 25. Nd3 a5 26. Rc1 Rc7 27. Kxa3 Qd4 28.
Qc3 Qb6 29. Nb2 Be8 30. Qd2 Rb8 31. Rc2 Rxc4 0-1

[Event "Festival A"]
[Site "Formia ITA"]
[Date "1994.07.19"]
[Round "4"]
[White "Martorelli, Antonio"]
[Black "Della Ragione, Achille"]
[Result "1-0"]
[WhiteElo "2245"]
[BlackElo "2040"]
[PlyCount "73"]
[EventDate "1994.07.16"]

1. e4 d5 2. exd5 Nf6 3. d4 Nxd5 4. Nf3 Bg4 5. h3 Bh5 6. Qd3 Nc6 7. c3 e6 8. Be2
Bd6 9. Na3 O-O 10. O-O Bg6 11. Qd2 Nf4 12. Bb5 Be4 13. Qe3 f5 14. Nc4 Nd5 15.
Qe2 Nf4 16. Bxf4 Bxf4 17. Bxc6 bxc6 18. Ncd2 Rb8 19. Nxe4 fxe4 20. Qxe4 Qf6 21.
b4 g5 22. Rae1 Rbe8 23. g3 Bd6 24. Ne5 Qh6 25. Kg2 Qh5 26. Qxc6 Rf6 27. g4 Qh6
28. Qxe8+ Rf8 29. Qc6 Qh4 30. c4 Qh6 31. c5 Be7 32. Nd7 Rf4 33. Qxe6+ Qxe6 34.
Rxe6 Kf7 35. Rfe1 Bf8 36. d5 Rxb4 37. Rf6+ 1-0

[Event "Festival A"]
[Site "Formia ITA"]
[Date "1994.07.19"]
[Round "4"]
[White "Matkovic, Tonci"]
[Black "Siraco, Maurizio"]
[Result "1/2-1/2"]
[WhiteElo "2255"]
[BlackElo "2082"]
[PlyCount "113"]
[EventDate "1994.07.16"]

1. e4 e6 2. d4 d5 3. Nd2 c5 4. exd5 Qxd5 5. dxc5 Bxc5 6. Ngf3 Nf6 7. Bc4 Qd6 8.
O-O O-O 9. a3 Nc6 10. b4 Bb6 11. Bb2 e5 12. Nb3 Qxd1 13. Raxd1 Bg4 14. b5 e4
15. h3 exf3 16. hxg4 fxg2 17. Kxg2 Na5 18. Nxa5 Bxa5 19. Bxf6 gxf6 20. Rd7 Rac8
21. Bd3 Rc7 22. Rd6 Kg7 23. Rh1 Rh8 24. c4 Bb6 25. Rd5 h6 26. Rhh5 Rhc8 27. Kf3
Bc5 28. Bf5 Rh8 29. a4 Bb4 30. Bd3 Re8 31. Rh1 Bc5 32. Rdh5 Rh8 33. Be4 Bb6 34.
Bd5 Kg6 35. Ra1 Ba5 36. Rd1 Bb6 37. Rc1 Rhc8 38. Rch1 Rh8 39. Re1 Rhc8 40. Kg2
Kg7 41. f4 a6 42. Kf3 axb5 43. axb5 Ra8 44. g5 hxg5 45. Reh1 Ra3+ 46. Kg4 Kf8
47. fxg5 fxg5 48. Rh8+ Ke7 49. R8h7 Kd6 50. Bxf7 Be3 51. R1h3 b6 52. R7h6+ Kc5
53. Bd5 Kb4 54. Re6 Bc5 55. Rxa3 Kxa3 56. Kxg5 Rg7+ 57. Kf6 1/2-1/2

[Event "Festival A"]
[Site "Formia ITA"]
[Date "1994.07.19"]
[Round "4"]
[White "Nannelli, Paolo"]
[Black "Bevilacqua, Roberto"]
[Result "0-1"]
[WhiteElo "1992"]
[BlackElo "2054"]
[PlyCount "79"]
[EventDate "1994.07.16"]

1. d4 c5 2. d5 e5 3. c4 d6 4. e4 Be7 5. Nc3 Bg5 6. Bxg5 Qxg5 7. Nf3 Qd8 8. Bd3
a6 9. h3 Ne7 10. a3 Ng6 11. g3 O-O 12. Qc2 Ne7 13. Nh4 g6 14. O-O-O Nd7 15. Ng2
Kh8 16. h4 Nf6 17. f3 h6 18. Qd2 Neg8 19. Ne3 Nh5 20. Ne2 Ng7 21. f4 Kh7 22.
Rdf1 b5 23. g4 bxc4 24. Nxc4 Bxg4 25. fxe5 dxe5 26. Nxe5 Bxe2 27. Qxe2 Qc7 28.
Nc4 Rad8 29. Qf3 h5 30. e5 Nh6 31. Kb1 Qd7 32. Ne3 Qa4 33. Qf4 Qd4 34. Bc4 Rfe8
35. Qxd4 cxd4 36. Nc2 Ngf5 37. Re1 Ng4 38. Rh3 Rxe5 39. Rxe5 Nxe5 40. b3 0-1

[Event "Festival A"]
[Site "Formia ITA"]
[Date "1994.07.19"]
[Round "4"]
[White "Palac, Mladen"]
[Black "Grosar, Aljosa"]
[Result "1-0"]
[WhiteElo "2495"]
[BlackElo "2430"]
[PlyCount "103"]
[EventDate "1994.07.16"]

1. e4 c5 2. Nf3 d6 3. d4 cxd4 4. Nxd4 Nf6 5. Nc3 Nc6 6. Bg5 e6 7. Qd2 a6 8.
O-O-O Bd7 9. f4 b5 10. Bxf6 gxf6 11. f5 Nxd4 12. Qxd4 Bh6+ 13. Kb1 Bf4 14. fxe6
fxe6 15. Ne2 Be5 16. Qd2 Qb6 17. Nf4 Ke7 18. Nd3 Qd4 19. Be2 Rab8 20. Qh6 Rbg8
21. Bf3 b4 22. Rd2 Rg6 23. Nxe5 Qxe5 24. Qh4 Qg5 25. Qf2 Qc5 26. e5 fxe5 27.
Qh4+ Rf6 28. Rhd1 Rc8 29. Qxh7+ Rf7 30. Qh4+ Rf6 31. Bb7 Rcf8 32. Rxd6 Qxd6 33.
Rxd6 Kxd6 34. Qxb4+ Kc7 35. Bf3 Bc6 36. Qe7+ Kb6 37. b3 Bxf3 38. gxf3 Kc6 39.
Qa7 Rxf3 40. Qxa6+ Kd5 41. a4 e4 42. Qc4+ Kd6 43. Qd4+ Ke7 44. Qxe4 R8f5 45. a5
R3f4 46. Qb7+ Kf6 47. a6 Rf1+ 48. Kb2 Ra5 49. b4 Ra4 50. b5 Rfa1 51. Qf3+ Ke7
52. Qb3 1-0

[Event "Festival A"]
[Site "Formia ITA"]
[Date "1994.07.19"]
[Round "4"]
[White "Picardi, Angelo"]
[Black "Scacco, Mauro"]
[Result "1-0"]
[WhiteElo "2123"]
[BlackElo "1998"]
[PlyCount "91"]
[EventDate "1994.07.16"]

1. e4 e5 2. Nf3 Nc6 3. d4 exd4 4. Bc4 Nf6 5. O-O Be7 6. e5 Ne4 7. Bd5 Nc5 8.
Re1 Ne6 9. c3 dxc3 10. Nxc3 O-O 11. Ne4 d6 12. exd6 Bxd6 13. Neg5 Ncd4 14. Nxf7
Bxh2+ 15. Kxh2 Qxd5 16. Nxd4 Qxd4 17. Ng5 Qh4+ 18. Nh3 Rxf2 19. Kg1 Rf8 20. Bd2
Bd7 21. Bc3 Rad8 22. Qb3 Rfe8 23. Rad1 Kh8 24. Rxd7 Rxd7 25. Rxe6 Rf8 26. Qxb7
Qg3 27. Re1 Rdf7 28. Qxa7 h6 29. Qd4 c5 30. Qxc5 Kh7 31. a4 Qd3 32. a5 g5 33.
Qd4 Rf1+ 34. Rxf1 Qxf1+ 35. Kh2 Rf7 36. Qh8+ Kg6 37. Qg8+ Kh5 38. Qe8 g4 39.
Qe5+ Rf5 40. Qe8+ Rf7 41. Ng1 Qf2 42. Be1 Qf6 43. Bg3 Qg6 44. Ne2 Rf5 45. Nf4+
Rxf4 46. Qxg6+ 1-0

[Event "Festival A"]
[Site "Formia ITA"]
[Date "1994.07.19"]
[Round "4"]
[White "Robovic, Saudin"]
[Black "Manca, Federico"]
[Result "1-0"]
[WhiteElo "2415"]
[BlackElo "2375"]
[PlyCount "120"]
[EventDate "1994.07.16"]

1. Nf3 g6 2. d4 Bg7 3. c3 Nf6 4. Bg5 d5 5. Nbd2 Nbd7 6. e3 O-O 7. Be2 Re8 8.
Bf4 Nh5 9. Be5 f6 10. Bg3 Nxg3 11. hxg3 e5 12. Qb3 Nf8 13. dxe5 fxe5 14. e4 c6
15. Rd1 Be6 16. Qxb7 Qb6 17. Qxb6 axb6 18. a3 Bf6 19. O-O Nd7 20. Rfe1 d4 21.
Rc1 c5 22. Bb5 Re7 23. Nc4 Rb8 24. b4 Bxc4 25. Bxc4+ Kg7 26. Bb5 Ra8 27. cxd4
exd4 28. bxc5 bxc5 29. a4 Kf8 30. Nd2 Nb6 31. Nc4 Nxc4 32. Rxc4 d3 33. Rxc5 Rd8
34. Rd1 Rxe4 35. Rxd3 Rxd3 36. Bxd3 Rxa4 37. Rc8+ Kg7 38. Rc7+ Kh8 39. Kh2 Rd4
40. Bc2 Kg8 41. f4 Rb4 42. Kh3 Rd4 43. Bb3+ Kh8 44. Rf7 Rd6 45. Rb7 Rd3 46. Kh2
Bd4 47. Bc2 Rc3 48. Be4 Re3 49. Bf3 Bc5 50. Rc7 Bd6 51. Rd7 Be7 52. g4 Kg7 53.
g5 h6 54. gxh6+ Kxh6 55. Kg3 Bb4 56. Kg4 Be1 57. Rd6 Rc3 58. Re6 Bf2 59. f5
Rc4+ 60. Be4 Kh7 1-0

[Event "Festival A"]
[Site "Formia ITA"]
[Date "1994.07.19"]
[Round "4"]
[White "Sulava, Nenad"]
[Black "Godena, Michele"]
[Result "1/2-1/2"]
[WhiteElo "2410"]
[BlackElo "2485"]
[PlyCount "118"]
[EventDate "1994.07.16"]

1. d4 d5 2. c4 c6 3. Nf3 Nf6 4. Nc3 e6 5. Bg5 dxc4 6. e4 b5 7. e5 h6 8. Bh4 g5
9. Nxg5 hxg5 10. Bxg5 Nbd7 11. exf6 Bb7 12. g3 c5 13. d5 Bh6 14. Bxh6 Rxh6 15.
Qd2 Qxf6 16. Ne4 Qe5 17. O-O-O Bxd5 18. Qxh6 Bxe4 19. f4 Qf6 20. Qxf6 Nxf6 21.
Rg1 Nd5 22. Re1 f5 23. Rxe4 fxe4 24. Bg2 e3 25. Re1 Rd8 26. Bxd5 exd5 27. Rxe3+
Kf7 28. Re5 b4 29. Kd2 Rh8 30. h4 Rg8 31. Rxd5 Rxg3 32. Rxc5 Rg2+ 33. Ke3 Rxb2
34. Ra5 b3 35. axb3 cxb3 36. Ke4 Re2+ 37. Kf5 b2 38. Rxa7+ Kg8 39. Rb7 Rh2 40.
Kg5 Rg2+ 41. Kf6 Rh2 42. f5 Rxh4 43. Rb8+ Kh7 44. Rxb2 Ra4 45. Re2 Ra6+ 46. Re6
Ra1 47. Kf7 Ra5 48. f6 Ra8 49. Re8 Ra7+ 50. Re7 Ra8 51. Rb7 Ra1 52. Rd7 Ra8 53.
Rc7 Rb8 54. Rd7 Rb1 55. Ra7 Rb8 56. Ke6+ Kg8 57. Rd7 Rb1 58. Ke7 Rb8 59. Rd2
Rb7+ 1/2-1/2

[Event "Festival A"]
[Site "Formia ITA"]
[Date "1994.07.19"]
[Round "4"]
[White "Vujovic, Milorad"]
[Black "Pagnoncelli, Marco"]
[Result "1-0"]
[WhiteElo "2270"]
[BlackElo "1900"]
[PlyCount "73"]
[EventDate "1994.07.16"]

1. e4 c5 2. Nf3 d6 3. h3 Nf6 4. c3 Nc6 5. d4 cxd4 6. cxd4 Nxe4 7. d5 Qa5+ 8.
Nc3 Nxc3 9. bxc3 Ne5 10. Nxe5 Qxc3+ 11. Bd2 Qxe5+ 12. Be2 g6 13. Rc1 Bg7 14.
Bc3 Qxc3+ 15. Rxc3 Bxc3+ 16. Kf1 O-O 17. h4 Bd7 18. g3 Rac8 19. Kg2 Rc5 20. h5
Bf5 21. Bf3 Ba5 22. g4 Bd7 23. Qe2 Re8 24. Qe3 Bb6 25. hxg6 fxg6 26. Qh6 Kf7
27. Qxh7+ Kf6 28. Rh6 Ke5 29. Qg7+ Kf4 30. Qd4+ Kg5 31. Qe3+ Kf6 32. g5+ Kg7
33. Qd4+ e5 34. dxe6+ Re5 35. Qh4 Bxe6 36. Rh7+ Kf8 37. Qh6+ 1-0

[Event "Festival A"]
[Site "Formia ITA"]
[Date "1994.07.19"]
[Round "4"]
[White "Zelcic, Robert"]
[Black "Foisor, Cristina-Adela"]
[Result "1-0"]
[WhiteElo "2485"]
[BlackElo "2405"]
[PlyCount "59"]
[EventDate "1994.07.16"]

1. e4 e5 2. Nf3 Nc6 3. Bc4 Bc5 4. O-O d6 5. c3 Qe7 6. b4 Bb6 7. d4 Bg4 8. b5
Nxd4 9. cxd4 Bxd4 10. Nxd4 Bxd1 11. Nf5 Qf8 12. Rxd1 Ne7 13. Nc3 Nxf5 14. exf5
Qe7 15. Bd5 O-O-O 16. Be3 Kb8 17. Rab1 g6 18. f6 Qxf6 19. Rb3 Qh4 20. g3 Qg4
21. h3 Qxh3 22. Ra3 f5 23. Bxa7+ Ka8 24. Ra4 f4 25. Rd3 Rhf8 26. Bg2 Qf5 27.
Nd5 Rf7 28. Rda3 Qb1+ 29. Kh2 Qxb5 30. Nb6+ 1-0

[Event "Festival A"]
[Site "Formia ITA"]
[Date "1994.07.19"]
[Round "4"]
[White "Zlochevskij, Alexander"]
[Black "Tan, Chengxuan"]
[Result "1/2-1/2"]
[WhiteElo "2505"]
[BlackElo "2380"]
[PlyCount "37"]
[EventDate "1994.07.16"]

1. d4 Nf6 2. Bg5 c6 3. Bxf6 exf6 4. e3 d5 5. c4 dxc4 6. Bxc4 Bd6 7. Nc3 O-O 8.
Nf3 Bg4 9. h3 Bh5 10. g4 Bg6 11. Nh4 Nd7 12. Nxg6 hxg6 13. Qd3 a5 14. h4 b5 15.
Bb3 c5 16. Nxb5 cxd4 17. Ke2 Bc5 18. Nxd4 Ne5 19. Qe4 1/2-1/2

[Event "Festival A"]
[Site "Formia ITA"]
[Date "1994.07.20"]
[Round "5"]
[White "Belotti, Bruno"]
[Black "Martorelli, Antonio"]
[Result "1-0"]
[WhiteElo "2455"]
[BlackElo "2245"]
[PlyCount "167"]
[EventDate "1994.07.16"]

1. d4 d5 2. c4 c6 3. Nf3 e6 4. Qc2 Nf6 5. g3 Be7 6. Bg2 O-O 7. O-O Nbd7 8. Nbd2
b6 9. e4 Bb7 10. e5 Ne8 11. b3 Rc8 12. Bb2 c5 13. dxc5 Bxc5 14. Rad1 b5 15. Bc3
Qc7 16. b4 Be7 17. c5 Nxc5 18. bxc5 Qxc5 19. Rc1 b4 20. Qb1 bxc3 21. Qxb7 Rc7
22. Qa6 Qa3 23. Qxa3 Bxa3 24. Nb1 Bxc1 25. Rxc1 c2 26. Na3 Rc3 27. Nb5 Rc5 28.
Nxa7 Nc7 29. Nd4 Rb8 30. Rxc2 Rxc2 31. Nxc2 Ra8 32. Nc6 Rxa2 33. N6d4 f6 34. f4
Kf7 35. Bf1 Rb2 36. Kf2 Ra2 37. Ke3 Na6 38. Bxa6 Rxa6 39. Nb4 Ra3+ 40. Nd3 fxe5
41. fxe5 g5 42. h4 h6 43. hxg5 hxg5 44. g4 Ra5 45. Ne1 Ra3+ 46. Nd3 Ra5 47. Ne1
Ra3+ 48. Kf2 Ra6 49. Nef3 Kg6 50. Kg3 Rb6 51. Ne2 Rb3 52. Ned4 Rb6 53. Ne2 Rb3
54. Kf2 Rb2 55. Nfd4 Rb6 56. Ke3 Ra6 57. Ng1 Ra3+ 58. Kf2 Ra2+ 59. Kg3 Ra6 60.
Nh3 Ra4 61. Nf3 Kf7 62. Nhxg5+ Ke7 63. Nh3 Re4 64. Nf2 Re2 65. Nd3 Re3 66. Nde1
Kf8 67. Nc2 Re4 68. Ncd4 Ke7 69. Kh4 Rf4 70. Kh5 Rf8 71. Kh6 Rg8 72. g5 Kf7 73.
Kh5 Rh8+ 74. Kg4 Rc8 75. Ne2 Rc4+ 76. Nfd4 Ra4 77. Kh5 Rb4 78. g6+ Kg8 79. Kg5
Rb1 80. Nxe6 Rf1 81. N2d4 Rg1+ 82. Kf6 Rf1+ 83. Nf5 Rf2 84. Ned4 1-0

[Event "Festival A"]
[Site "Formia ITA"]
[Date "1994.07.20"]
[Round "5"]
[White "Bevilacqua, Roberto"]
[Black "Matkovic, Tonci"]
[Result "0-1"]
[WhiteElo "2054"]
[BlackElo "2255"]
[PlyCount "92"]
[EventDate "1994.07.16"]

1. e4 e5 2. Nf3 Nc6 3. Bb5 a6 4. Ba4 Nf6 5. O-O Be7 6. Re1 b5 7. Bb3 O-O 8. d4
Nxd4 9. Nxd4 exd4 10. e5 Ne8 11. c3 dxc3 12. Nxc3 d6 13. Be3 Be6 14. f4 dxe5
15. fxe5 Qxd1 16. Bxd1 c5 17. Bf3 Rd8 18. Ne4 Rd5 19. Bf4 Rd4 20. Be3 Rd5 21.
Bf4 Nc7 22. Rac1 c4 23. b3 Ba3 24. Rc2 Rd7 25. bxc4 bxc4 26. Re3 Bb4 27. a3 Ba5
28. Nc5 Rd4 29. Nxe6 fxe6 30. Bg3 Nd5 31. Re4 Rxe4 32. Bxe4 Bb6+ 33. Bf2 Rxf2
34. Rxf2 Nc3 35. Bf3 Nb5 36. Kf1 Bxf2 37. Kxf2 c3 38. Be4 Nxa3 39. Ke2 h6 40.
Kd3 c2 41. Kd2 Kf7 42. Bd3 a5 43. h4 Ke7 44. Be2 Kd7 45. Bg4 Nc4+ 46. Kc1 Ne3
0-1

[Event "Festival A"]
[Site "Formia ITA"]
[Date "1994.07.20"]
[Round "5"]
[White "Borgo, Giulio"]
[Black "Zlochevskij, Alexander"]
[Result "1/2-1/2"]
[WhiteElo "2320"]
[BlackElo "2505"]
[PlyCount "91"]
[EventDate "1994.07.16"]

1. e4 e6 2. d4 d5 3. Nc3 Nf6 4. Bg5 dxe4 5. Nxe4 Nbd7 6. Nf3 Be7 7. Nxf6+ Nxf6
8. Bd3 h6 9. Bh4 c5 10. dxc5 Qa5+ 11. c3 Qxc5 12. Qe2 a6 13. O-O Bd7 14. Ne5
Rd8 15. Rad1 Ba4 16. Rd2 Bc6 17. Nxc6 Qxc6 18. Rfd1 O-O 19. Bc2 Qb6 20. Rxd8
Rxd8 21. Rxd8+ Qxd8 22. Qd3 Kf8 23. Qxd8+ Bxd8 24. Bg3 Ke7 25. Be5 g6 26. c4
Bb6 27. h3 Nd7 28. Bc3 f5 29. Kf1 Nb8 30. b4 Nc6 31. c5 Bc7 32. Ba4 Be5 33. Bd2
g5 34. Ke2 Bd4 35. f3 Bb2 36. Kd3 Ne5+ 37. Ke2 Bd4 38. Bb3 Nc6 39. Kd3 Bb2 40.
f4 gxf4 41. Bxf4 Nxb4+ 42. Kc4 Nc6 43. Bxh6 Ne5+ 44. Kb4 Nc6+ 45. Kc4 Ne5+ 46.
Kb4 1/2-1/2

[Event "Festival A"]
[Site "Formia ITA"]
[Date "1994.07.20"]
[Round "5"]
[White "Canelli, Daniele"]
[Black "Accardo, Francesco"]
[Result "1-0"]
[WhiteElo "1938"]
[BlackElo "1991"]
[PlyCount "105"]
[EventDate "1994.07.16"]

1. d4 Nf6 2. c4 g6 3. Nc3 Bg7 4. Bg5 d6 5. Qd2 h6 6. Bh4 Nc6 7. Nf3 Bf5 8. h3
Nb4 9. Rc1 c5 10. a3 Nc6 11. e3 e5 12. d5 Ne7 13. Bxf6 Bxf6 14. e4 Bd7 15. Bd3
Bg7 16. O-O O-O 17. Nh2 f5 18. f3 f4 19. b4 b6 20. bxc5 bxc5 21. Rb1 g5 22. Rb2
Qa5 23. Rb7 Rfd8 24. Rfb1 Nc8 25. R7b2 h5 26. Be2 Kh7 27. Kh1 Rg8 28. Rb7 Nb6
29. Qb2 Qa6 30. Rc7 Rab8 31. Nb5 Bxb5 32. cxb5 Qa5 33. Rc6 Bf8 34. Bd3 Rg7 35.
Qc1 Rgb7 36. Ra1 Nd7 37. Ra6 Qd8 38. a4 Nf6 39. Qe1 Kg6 40. Be2 Be7 41. Rc1 g4
42. fxg4 hxg4 43. Nxg4 Nd7 44. Qd1 Qh8 45. Qe1 Kf7 46. Qa5 Rg8 47. Rxa7 Bd8 48.
Qa6 Rxa7 49. Qxa7 Ke7 50. a5 Ke8 51. b6 Qh7 52. Bb5 Rg7 53. b7 1-0

[Event "Festival A"]
[Site "Formia ITA"]
[Date "1994.07.20"]
[Round "5"]
[White "Contin, Daniel"]
[Black "Tan, Chengxuan"]
[Result "1/2-1/2"]
[WhiteElo "2425"]
[BlackElo "2380"]
[PlyCount "100"]
[EventDate "1994.07.16"]

1. c4 c6 2. e4 d5 3. exd5 cxd5 4. d4 Nf6 5. Nc3 Nc6 6. Bg5 e6 7. Nf3 Be7 8. c5
O-O 9. Bd3 b6 10. Bb5 Bb7 11. Bxc6 Bxc6 12. Ne5 Rc8 13. Nxc6 Rxc6 14. b4 bxc5
15. bxc5 Ne4 16. Nxe4 dxe4 17. Qa4 Rc7 18. Bxe7 Qxe7 19. Rd1 e5 20. c6 exd4 21.
Rxd4 e3 22. O-O exf2+ 23. Rxf2 Qe1+ 24. Rf1 Qe3+ 25. Kh1 Rxc6 26. Qxa7 Rf6 27.
Rfd1 h5 28. Rd7 Qe2 29. a4 Re8 30. Qg1 h4 31. h3 Qa6 32. R7d4 g5 33. Rg4 Rg6
34. Qc5 Qf6 35. a5 Kg7 36. Rgd4 g4 37. Rxg4 Rxg4 38. hxg4 h3 39. g5 hxg2+ 40.
Kxg2 Re2+ 41. Kg3 Qb2 42. Qd4+ Qxd4 43. Rxd4 Ra2 44. Rd5 f6 45. Kf4 fxg5+ 46.
Kxg5 Kf7 47. Re5 Ra1 48. Kf5 Ra4 49. Rd5 Ke7 50. Ke5 Ra1 1/2-1/2